| Tag |
First Indicator |
Second Indicator |
Subfields |
| LEADER |
00000cam a22000008a 4500 |
| 001 |
in00001404773 |
| 005 |
20160226115630.0 |
| 008 |
971117s1998 oncc b 001 0 eng d |
| 010 |
|
|
|a cn 97932667
|
| 015 |
|
|
|a C97-932667-2
|
| 020 |
|
|
|a 0471641731 :
|c $34.95
|
| 035 |
|
|
|a (OCoLC)38431936
|
| 035 |
|
|
|9 AHP0741AM
|
| 040 |
|
|
|a CaOTU
|b eng
|c NLC
|d MIA
|d DGU
|d TXA
|d UtOrBLW
|
| 049 |
|
|
|a TXAM
|
| 055 |
|
3 |
|a HF5415.55
|b G67 1998
|
| 082 |
0 |
0 |
|a 658.8
|2 21
|
| 090 |
|
|
|a HF5415.55
|b .G67 1998
|
| 100 |
1 |
|
|a Gordon, Ian,
|d 1952 June 19-
|
| 245 |
1 |
0 |
|a Relationship marketing :
|b new strategies, techniques and technologies to win the customers you want and keep them forever /
|c Ian Gordon.
|
| 263 |
|
|
|a 9801
|
| 264 |
|
1 |
|a Toronto :
|b John Wiley,
|c 1998.
|
| 300 |
|
|
|a xx, 314 pages :
|b illustrations ;
|c 24 cm.
|
| 336 |
|
|
|a text
|b txt
|2 rdacontent
|
| 337 |
|
|
|a unmediated
|b n
|2 rdamedia
|
| 338 |
|
|
|a volume
|b nc
|2 rdacarrier
|
| 504 |
|
|
|a Includes bibliographical references and index.
|
| 536 |
|
|
|a The Houston Reveille Club Book Honorarium Program: This book is provided through the generosity of the Texas A&M Reveille Club of Houston, Texas to recognize Karen Bulian '74 for her time and talent ; January, 1998.
|
| 650 |
|
0 |
|a Relationship marketing.
|
| 650 |
|
0 |
|a Customer relations.
|
| 948 |
|
|
|a c:pk
|
| 999 |
|
|
|a MARS
|
| 999 |
f |
f |
|s 6e52b46e-e502-3a5b-b674-a72c51654361
|i 47528c18-7b9c-3084-9d61-e2d7ba5caf8a
|t 0
|
| 952 |
f |
f |
|p ric
|a Texas A&M University
|b Rellis Campus
|c Joint Library Facility
|d Remote Storage
|t 0
|e HF5415.55 .G67 1998
|h Library of Congress classification
|i unmediated -- volume
|m A14822387768
|
| 998 |
f |
f |
|a HF5415.55 .G67 1998
|t 0
|l Remote Storage
|